[Event "TUR-ch (Women)"]
[Site "Izmir"]
[Date "2023.10.17"]
[Round "3"]
[White "Gungul, Deniz"]
[Black "Bicaklioglu, Dilara"]
[Result "0-1"]
[WhiteElo "1040"]
[BlackElo "1454"]
[PlyCount "50"]
[EventDate "2023.10.16"]
[EventType "tourn"]
[EventRounds "9"]
[EventCountry "TUR"]
[SourceTitle "Mega2024 Update 01"]
[Source "Chessbase"]
[SourceDate "2023.11.12"]
[SourceVersion "1"]
[SourceVersionDate "2023.11.12"]
[SourceQuality "1"]

1. e4 c5 2. Nf3 a6 3. c3 d5 4. exd5 Qxd5 5. d4 Nf6 6. Be2 e6 7. 0-0 Nc6 8. Bf4 Be7 9. Qd3 0-0 10. Rd1 b5 11. h3 Bb7 12. Bf1 Rfd8 13. dxc5 Qxc5 14. Qe2 Nd5 15. Bh2 Bd6 16. Bxd6 Rxd6 17. g3 Rad8 18. Nbd2 Nf6 19. Bg2 Qh5 20. Nb3 Nd5 21. Nfd4 Qg6 22. Nxc6 Bxc6 23. Nd4 Nf4 24. Qe1 Bxg2 25. Nc6 Bxc6 0-1

[Event "TUR-chT2"]
[Site "Konya"]
[Date "2018.07.12"]
[Round "4.6"]
[White "Bicaklioglu, Dilara"]
[Black "Ince, Ilgin Leycan"]
[Result "0-1"]
[WhiteElo "1185"]
[BlackElo "1299"]
[PlyCount "146"]
[EventDate "2018.07.10"]
[EventType "team-swiss"]
[EventRounds "9"]
[EventCountry "TUR"]
[SourceTitle "EXT 2019"]
[Source "ChessBase"]
[SourceDate "2018.10.10"]
[SourceVersion "1"]
[SourceVersionDate "2018.10.10"]
[SourceQuality "1"]
[WhiteTeam "Yalova Beyaz Fil"]
[BlackTeam "Derince Turgut"]
[WhiteTeamCountry "TUR"]
[BlackTeamCountry "TUR"]

1. e4 e6 2. d4 d5 3. exd5 exd5 4. Bd3 Nf6 5. h3 Bd6 6. Nf3 0-0 7. 0-0 h6 8. Be3 Be6 9. Nbd2 Nbd7 10. c3 c6 11. Qc2 Qc7 12. Nh4 Rfe8 13. Rae1 Nh5 14. Nf5 Bxf5 15. Bxf5 Nf4 16. Nf3 Ne6 17. Bd2 Re7 18. Bxe6 fxe6 19. Qg6 Nf8 20. Qg4 Kh7 21. Qh5 Kg8 22. Ne5 Rae8 23. f4 b6 24. Rf3 c5 25. Rg3 Kh8 26. Ree3 Bxe5 27. fxe5 Rf7 28. Ref3 Ree7 29. Rxg7 Rxg7 30. Rxf8+ Rg8 31. Qxh6+ Rh7 32. Qf6+ Qg7 33. Rxg8+ Kxg8 34. Qxe6+ Qf7 35. Qc8+ Qf8 36. Qe6+ Qf7 37. Qc8+ Qf8 38. Qxf8+ Kxf8 39. Kf2 Ke7 40. Kf3 Ke6 41. Bg5 Rf7+ 42. Bf6 cxd4 43. cxd4 Rc7 44. g4 Rc4 45. Ke3 Rc2 46. h4 Rxb2 47. h5 Rxa2 48. h6 Rh2 49. Bg7 b5 50. Kf4 b4 51. g5 b3 52. g6 b2 53. h7 b1Q 54. h8Q Rxh8 55. Bxh8 Qxg6 56. Bf6 Qe4+ 57. Kg3 Qxd4 58. Kf3 Qe4+ 59. Kg3 d4 60. Kf2 d3 61. Bg5 Qf5+ 62. Ke3 Qxg5+ 63. Kxd3 Qxe5 64. Kc4 Qd5+ 65. Kc3 Qe4 66. Kb3 Kd5 67. Kc3 Qd4+ 68. Kb3 Kc5 69. Kc2 Qe3 70. Kd1 Qf2 71. Kc1 Kc4 72. Kd1 Kc3 73. Kc1 Qc2# 0-1